Seconde guerre mondiale : Vrai ou Faux ? - Statistics

General Stats
  • This quiz has been taken 295 times
  • The average score is 10 of 15
Answer Stats
Question Answer % Correct
Plus de gens sont morts durant la 2nde guerre Mondiale que pendant la 1ère guerre Mondiale Vrai
92%
Les Nazis ont envahis et occupés la Suisse Faux
84%
Les principales puissances de l'Axe étaient l'Allemagne, le Japon et l'Espagne Faux
78%
Hitler est abattu par les troupes soviétiques lors de la bataille de Berlin Faux
78%
Il y a eu une tentative d'assassinat d'Hitler à l'aide d'une mallette piégée Vrai
76%
Les Allemands ont capturés Moscou Faux
73%
Joseph Goebbels était le ministre de la Propagande du gouvernement nazi Vrai
72%
L'invasion de la Normandie par les Alliés en 1944 est connue sous le nom "opération Overlord" Vrai
69%
L'Empereur Hirohito du Japon a été pendu après la guerre Faux
64%
L'Union Soviétique et l'Allemagne ont toutes deux envahies la Pologne en 1939 Vrai
64%
La Chine a combattue durant la 2nde guerre mondiale Vrai
54%
La bataille d'Iwo Jima a été considérée comme le « tournant » du théâtre du Pacifique Faux
51%
Albert Einstein a passé la majeure partie de la guerre au Nouveau-Mexique, où il travaillait sur la bombe atomique Faux
43%
Le film « Casablanca » se déroule durant la Seconde Guerre mondiale Vrai
42%
Les Japonais ont détruit au moins 10 porte-avions lors de leur attaque sur Pearl Harbor Faux
37%
No matching quizzes found
Score Distribution
Percent of People with Each Score
Percentile by Number Answered
Your Score History
You have not taken this quiz